000 00538nam a2200121Ia 4500
008 220615s9999||||xx |||||||||||||| ||und||
100 _aMargarita Stoytcheva
245 0 _aPesticides in the Modern World - Pests Control and Pesticides Exposure and Toxicity Assessment
546 _aEnglish[eng]
650 _aLife Sciences||Plant Biology||Agricultural and Biological Sciences||Pestology
856 _uhttps://www.intechopen.com/books/pesticides-in-the-modern-world-pests-control-and-pesticides-exposure-and-toxicity-assessment
942 _cEB
999 _c9289
_d9289